000 00521nam a22001697a 4500
005 20260430110314.0
008 260430b |||||||| |||| 00| 0 eng d
020 _a9780406000491
_qhbk
041 _aeng
082 _a348.42 ALL(R)
245 _aThe All England Law Reports Reprint 1930
_bBeing a selection from the LAW TIMES REPORTS 1843-1935
260 _aLondon
_bButterworth & Co. (Publishers) Ltd.
_c1958
300 _a809p. :
_c25cm
504 _aindex
650 _aLaws, regulations & cases
942 _cENGLISH
999 _c621647
_d621647